| 000 | 00394nam a2200169Ia 4500 | ||
|---|---|---|---|
| 008 | 210210b1948 xxu||||| |||| 00| 0 eng d | ||
| 041 | _aeng | ||
| 082 | _a825/940 | ||
| 100 | _a- | ||
| 245 | _aWisdom of Johnson | ||
| 260 |
_aLondon _bGeorge G Harrap and Company Limited _c1948 |
||
| 650 | _aWisdom | ||
| 650 | _aof | ||
| 650 | _aJohnson | ||
| 690 | _aEnglish Criticism | ||
| 906 | _a015256 | ||
| 999 |
_c134579 _d134579 |
||